00895cam a22002657a 4500003000500000005001700005008004100022010001000063011001000073020001500083035001000098040000900108082002100117110000800138245020700146260002300353300001100376490005600387500004000443650003600483650002000519700001700539700001700556830005600573CHAP20220901160407.0971013s1989 it r 00010 eng d a68603 a69575 a9250027117 a79052 cCHAP a636.08bF3y v.70 aFAO10aSheep and goat meat production in the humid tropics of west Africa = La production de viande ovine et caprine dans les régions tropicales humides de l'Afrique de l'Ouestc/by J.M. Timon and R.P. Baber aRome :bFAO,c1989 a259 p. 0aFAO. Producción y sanidad animal. Documentov; 70 aEd. bilingüe: (francés, ingles)14aCarne de borregoxProducción.14aCarne de cabra.0 aBaber, R. P.0 aTimon, J. M. 0aFAO. Producción y sanidad animal. Documentov; 70